Dental neglect in Children - An obscure enigma (Record no. 30355)

MARC details
000 -LEADER
fixed length control field 00313nam a22001337a 4500
003 - CONTROL NUMBER IDENTIFIER
control field SGT
082 ## - DEWEY DECIMAL CLASSIFICATION NUMBER
Classification number 617.645
Item number D25G
100 ## - MAIN ENTRY--PERSONAL NAME
Personal name Gogne, Minakshi
245 ## - TITLE STATEMENT
Title Dental neglect in Children - An obscure enigma
260 ## - PUBLICATION, DISTRIBUTION, ETC. (IMPRINT)
Name of publisher, distributor, etc SGT University
Year of Publication 2025
300 ## - PAGE DESCRIPTION
No. of Pages 57
650 ## - SUBJECT ADDED ENTRY--TOPICAL TERM
Topical term or geographic name as entry element Pediatric Dentistry
942 ## - ADDED ENTRY ELEMENTS (KOHA)
Source of classification or shelving scheme Dewey Decimal Classification
Koha item type Thesis/Dissertation
Holdings
Withdrawn status Lost status Source of classification or shelving scheme Damaged status Use restrictions Not for loan Home library Current library Date acquired SGTU Total Checkouts Full call number Accession No. (Barcode) Date last seen Bill Date Koha item type
    Dewey Decimal Classification   Restricted Access Not For Loan SGT Dental Library SGT Dental Library 20/03/2025 SGTU   617.645 D25G DT2208 20/03/2025 20/03/2025 Thesis/Dissertation